000 01169nam a2200265Ia 4500
003 OSt
005 20221005133656.0
006 a|||||r|||| 00| 0
007 ta
008 221004b |||||||| |||| 00| 0 hin d
024 _a10343
037 _cTextual
040 _aCRL
_cCRL
_bhin
041 _2hin
_ahin
100 _aसंजीव कुमार, ले.
110 _aदिल्ली विश्वविद्यालय. कला संकाय. हिन्दी विभाग
245 0 _aहिन्दी फिल्मी गीतों मंे स्त्रियों के अनुभव, स्वप्न और यौनिकता की अभिव्यक्ति
246 _aHindī filmī gītoan mane striyoan ke anubhava, svapna aur yaunikatā kī abhivyakti
260 _c2013
300 _a277पृ0
_ccm.
650 _aहिन्दी साहित्य
700 _aदिल्ली विश्वविद्यालय. कला संकाय. हिन्दी विभाग
942 _cTEXL
_2cc
999 _c1067507
_d1067507